Imagen de Buenos Aires a través de los viajeros: 1870-1910
Збережено в:
| Автори: | , , , |
|---|---|
| Формат: | Книга |
| Мова: | Іспанська |
| Опубліковано: |
Buenos Aires
Universidad de Buenos Aires
1981
|
| Серія: | IV Centenario de Buenos Aires, 5
|
| Предмети: | |
| Теги: |
Додати тег
Немає тегів, Будьте першим, хто поставить тег для цього запису!
|
MARC
| LEADER | 00000nam a2200000 a 4500 | ||
|---|---|---|---|
| 001 | UCR0535 | ||
| 003 | CL-VaPUC | ||
| 008 | 971205e19810000AG |||||||||||||||||spa|d | ||
| 082 | 0 | 4 | |a 982.05 |b GAR |2 21 |
| 100 | 0 | |a García de D'Agostino, Olga M |e author |9 396324 | |
| 700 | 0 | |a Rebok, Elena |e author |9 396325 | |
| 700 | 0 | |a Asato, Norma |e author |9 396326 | |
| 700 | 0 | |a López, Juan Severino |e author |9 396327 | |
| 245 | 1 | 0 | |a Imagen de Buenos Aires a través de los viajeros: 1870-1910 |
| 300 | |a 220 p | ||
| 942 | |c BK | ||
| 945 | |d 19971205 00:00:00 |a cmena | ||
| 260 | |a Buenos Aires |b Universidad de Buenos Aires |c 1981 | ||
| 650 | 0 | |a Historia Argentina |9 268065 | |
| 650 | 0 | |a Viajes |y 1870-1910 |9 396328 | |
| 650 | 0 | |a Descubrimientos geográficos |9 331933 | |
| 650 | 0 | |a Administración pública |9 255343 | |
| 650 | 0 | |a Urbanización |9 265706 | |
| 650 | 0 | |a Desarrollo económico y social |9 256320 | |
| 650 | 7 | |a ESTRUCTURA SOCIAL |2 CL-VaPUC |9 396329 | |
| 650 | 0 | |a Sociedad |9 307903 | |
| 651 | 7 | |a BUENOS AIRES |2 CL-VaPUC |9 255286 | |
| 651 | 0 | |a Argentina |9 254888 | |
| 583 | |a last modification |c 19971205 00:00:00 |k Rodrigo Vera | ||
| 490 | 0 | |a IV Centenario de Buenos Aires, 5 | |
| 999 | |c 264037 |d 264035 | ||
| 952 | |0 0 |1 0 |4 0 |6 982_050000000000000_GAR_1981 |7 0 |8 DER_HDC |9 293616 |a BIBDER |b BIBDER |d 2019-11-19 |i 1908499 |o 982.05 GAR 1981 |p 1908499 |r 2023-01-25 |w 2019-11-19 |x Ubicación 4to Piso |y BK |z Estos recursos deben solicitarse con anticipación |k DER | ||
| 952 | |0 0 |1 0 |4 0 |6 982_050000000000000_GAR_1981 |7 0 |8 A |9 293617 |a BIBHIS |b BIBHIS |d 2019-11-19 |i 1256858 |o 982.05 GAR 1981 |p 1256858 |r 2025-01-20 |w 2019-11-19 |y BK |k HIS | ||